Normal view
MARC view
Entry Personal Name
001 - CONTROL NUMBER
- control field: 56949
003 - CONTROL NUMBER IDENTIFIER
- control field: OSt
005 - DATE AND TIME OF LATEST TRANSACTION
- control field: 20160514122022.0
008 - FIXED-LENGTH DATA ELEMENTS
- fixed length control field: 160514|| aca||aabn | a|a d
040 ## - CATALOGING SOURCE
- Original cataloging agency: OSt
- Transcribing agency: OSt
100 ## - HEADING--PERSONAL NAME
- Personal name: बलराम
670 ## - SOURCE DATA FOUND
- Source citation: Work cat.: (OSt)48119: बलराम, बीसवीं सदी की लघुकथाएं 1, 2010









